Review article: the growth of Latin American and Caribbean Kinship Studies /

Gorde:
Xehetasun bibliografikoak
Egile nagusia: Alum, Rolando
Formatua: Texto
Etiketak: Etiketa erantsi
Etiketarik gabe, Izan zaitez lehena erregistro honi etiketa jartzen!

MARC

LEADER 00000 a a2200000 04500
001 1954
003
040
100 |a Alum, Rolando  
245 |a Review article:   |b the growth of Latin American and Caribbean Kinship Studies /  |c Rolando Alum 
773 |g número 25; páginas 73-78  
999 |c 38325  |d 38325